000 00519nam a22001097a 4500
008 150615b xxu||||| |||| 00| 0 eng d
010 _8HCCRSF;001
245 _aHIGH COURT CRIMINAL SESSION No.539 of 1968 Uganda Vs 1.Yowana Bakule 2. Tomasi Kamuntu 3. Petero Kizza 4. Kaluna Lwanbonera
260 _aHigh Court Kampala
500 _3(original Criminal Case No. 492 of 1968 of the Chief magistrate 's Court of Masaka at Masaka Before - B.R.. D'Silver Ag. Chief Magistrate)
500 _3Before The Hon. Mr. Justice W.H.Goudie
999 _c6151
_d6151